La Sagrada Escritura

সংরক্ষণ করুন:
গ্রন্থ-পঞ্জীর বিবরন
বিন্যাস: গ্রন্থ
ভাষা:স্প্যানিশ
প্রকাশিত: Madrid Biblioteca de Autores Cristianos 1967
বিষয়গুলি:
ট্যাগগুলো: ট্যাগ যুক্ত করুন
কোনো ট্যাগ নেই, প্রথমজন হিসাবে ট্যাগ করুন!

MARC

LEADER 00000nam a2200000 a 4500
001 UCZ1627
003 CL-VaPUC
008 950831e19670000SP |||||||||||||||||spa|d
082 0 4 |a 220  |b SAG  |2 21 
245 1 3 |a La Sagrada Escritura 
246 1 0 |a Antiguo Testamento 
300 |a 1 v 
942 |c BK 
945 |d 19950831 00:00:00  |a aalvarez 
260 |a Madrid  |b Biblioteca de Autores Cristianos  |c 1967 
500 |a v.1: Pentateuco 
650 0 |a Textos sagrados   |9 257605 
650 0 |a Biblia  |9 257603 
650 0 |a Antiguo testamento   |9 313678 
650 0 |a Evangelios  |9 314864 
583 |a last modification  |c 20170628 01:19:02  |k Rodrigo Vera 
999 |c 315971  |d 315969 
952 |0 0  |1 0  |4 0  |6 220_000000000000000_SAG_1967  |7 0  |8 A  |9 389881  |a BIBTEO  |b BIBTEO  |d 2019-11-22  |h v.1  |i 3128849  |l 1  |o 220 SAG 1967  |p 3128849  |r 2025-01-17  |s 2023-04-17  |w 2019-11-22  |y BK  |k ICR